000 00437cam a2200157ua 4500
041 _aeng
_h
082 _a828.09
_bGRE/ED
100 _aGreg, W W .
245 _aEditorial prblem in Shakespeare:a survey of the foundations of the text /
_cW W Greg.
_hTextual Documents
260 _aLondon :
_bOxford at the Clarendon Press ,
_c1939.
300 _a210 ; .
504 _a
942 _cBK
999 _c4883
_d4883